The State and capital accumulation in Latin America /
Guardado en:
| Otros Autores: | , |
|---|---|
| Formato: | Libro |
| Idioma: | English |
| Publicado: |
Pittsburgh, Pa. :
University of Pittsburgh Press,
1985-1990.
|
| Series: | Pitt Latin American series
|
| Materias: | |
| Etiquetas: |
Agregar Etiqueta
Sin Etiquetas, Sea el primero en etiquetar este registro!
|
| LEADER | 01277cam a2200349 a 4500 | ||
|---|---|---|---|
| 001 | EEO.eeo001042 | ||
| 008 | 840604m19851990pau####g#b####001#0#eng## | ||
| 005 | 20260612085649.0 | ||
| 245 | 0 | 4 | |a The State and capital accumulation in Latin America / |c edited by Christian Anglade and Carlos Fortin. |
| 260 | |a Pittsburgh, Pa. : |b University of Pittsburgh Press, |c 1985-1990. | ||
| 300 | |a 2 v. ; |c 23 cm. | ||
| 440 | 0 | |a Pitt Latin American series | |
| 500 | |a Biblioteca posee vol. 2. | ||
| 504 | |a Incluye referencias bibliográficas e índice. | ||
| 505 | 0 | |a v. 1. Brazil, Chile, Mexico -- v. 2. Argentina, Bolivia, Colombia, Ecuador, Peru, Uruguay, Venezuela. | |
| 020 | |a 0822911442 (v. 1) | ||
| 020 | |a 0822911582 (v. 2) | ||
| 700 | 1 | |a Anglade, Christian. |4 edt | |
| 700 | 1 | |a Fortin, Carlos. |4 edt | |
| 043 | |a cl----- | ||
| 082 | 0 | 0 | |a 338.98 |2 19 |
| 650 | 7 | |a Acumulación de capital. |2 Isoc | |
| 650 | 7 | |a Ciclos económicos. |2 Isoc | |
| 650 | 7 | |a Política económica. |2 Isoc | |
| 650 | 7 | |a Estado. |2 Isoc | |
| 650 | 7 | |a Industrialización. |2 Isoc | |
| 653 | |a Desarrollismo | ||
| 651 | 7 | |a América latina. |2 mpirdes | |
| 010 | |a 84012015 | ||
| 040 | |a DLC |c DLC |d DLC | ||
| 050 | 0 | 0 | |a HC130.S3 |b S83 1985 |
| 859 | |a AR-BaUEB |b BIB. ECONOMIA - General |h 338.9 |i An46 |p eF0047 |v 2 |3 Vol. 2 | ||
